000 00862nam a2200217 a 4500
999 _c8653
_d8653
001 8653
003 BD-JhCC
005 20210401134022.0
008 180228s2003 bg |||| |a|| 000 0 be d
035 _a(BD-JhCC)8653
040 _aBD-JhCC
_dBD-JhCC
041 _aben
082 _a297
_bJAH 2003
100 _aজাহাঙ্গীর,খোন্দকার আব্দুল্লাহ।
245 _aরাহে বেলায়াত ও রাসূলুল্লাহর যিকর-ওযীফা /
_cখোন্দকার আব্দুল্লাহ জাহাঙ্গীর।
260 _aঝিনাইদহ,বাংলাদেশ :
_bআস-সুন্নাহ পাবলিকেশন্স ;
_c২০০৩।
300 _a৩৯৮ p. :
_c20 cm.
651 _aIslam.
942 _2lcc
_cBK
_07